000 00882nam a2200181 i 4500
001 165600
003 ES-MaACL
005 20230906213154.0
008 050826s1835 fr | |||||||| ||spa d
040 _aCAM
_bspa
_cCAM
100 0 _aSotos Ochando, Bonifacio.
_9107547
245 1 0 _aPronunciacion del frances sin maestro
_b: obras compuesta segun un metodo especial, recomendado con mucha particularidad por la Sociedad de Métodos de Enseñanza establecida en Paris /
_csu autor Bonifacio Sotos.
260 _aParis :
_ben casa del autor,
_c1835 (
_fImprimerie de Bacquenois)
300 _aXII, 119 p., [1] h. pleg. ;
_c18 cm.
597 _aLa h. pleg. es una tabla sinpotica de la pronunciación de la lengua francesa.
650 4 _aLengua francesa-
_xPronunciación.
_914229
852 _aES-MaACL
_jD-1869
_z-- Enc. hol. conservando la cub. original
_z-- Legado M. de la Fuente
999 _c165600
_d165600